| 000 | 00371 a2200145 4500 | ||
|---|---|---|---|
| 001 | 155447 | ||
| 040 | _cEscola São Tomás de Aquino | ||
| 100 | _aRENNÓ, Regina | ||
| 240 | 1 | 0 |
_aVida dura de borracha _lpor |
| 245 | 1 | 0 | _aVida dura de borracha |
| 300 | _a2008 | ||
| 440 | 1 | _aEditora do Brasil | |
| 697 | _aDesenho gráfico, ilustrações, arte comercial | ||
| 942 | _cBK | ||
| 999 |
_c155447 _d155447 |
||